In conflict and order; (Record no. 9754)

MARC details
000 -LEADER
fixed length control field 00572nam a22001817a 4500
003 - CONTROL NUMBER IDENTIFIER
control field OSt
005 - DATE AND TIME OF LATEST TRANSACTION
control field 20260423012725.0
008 - FIXED-LENGTH DATA ELEMENTS--GENERAL INFORMATION
fixed length control field 260423b |||||||| |||| 00| 0 eng d
020 ## - INTERNATIONAL STANDARD BOOK NUMBER
International Standard Book Number 0-205-11267-6
040 ## - CATALOGING SOURCE
Original cataloging agency DWC-Admin lib
Transcribing agency OC
082 ## - DEWEY DECIMAL CLASSIFICATION NUMBER
Classification number Circ. 301 Ei99i 1988
100 ## - MAIN ENTRY--PERSONAL NAME
Personal name D. Stanley Eitzen
245 ## - TITLE STATEMENT
Title In conflict and order;
Remainder of title understanding society
Statement of responsibility, etc. D. Stanley Eitzen
260 ## - PUBLICATION, DISTRIBUTION, ETC.
Name of publisher, distributor, etc. Allyn and bacon, inc. ;
Date of publication, distribution, etc. c. 1988
300 ## - PHYSICAL DESCRIPTION
Extent xvi, 637 p. ;
Dimensions 23 cm.
504 ## - BIBLIOGRAPHY, ETC. NOTE
Bibliography, etc. note include glossary, references, index
942 ## - ADDED ENTRY ELEMENTS (KOHA)
Source of classification or shelving scheme Dewey Decimal Classification
Koha item type Book Circulation
Edition Foruth edition
Classification part Circ.
Suppress in OPAC No
952 ## - LOCATION AND ITEM INFORMATION (KOHA)
--
Holdings
Withdrawn status Lost status Source of classification or shelving scheme Damaged status Not for loan Home library Current library Shelving location Date acquired Cost, normal purchase price Total Checkouts Full call number Barcode Date last seen Copy number Price effective from Koha item type Uniform Resource Identifier
    Dewey Decimal Classification     College Library College Library Circulation 04/23/2026 0.00   Circ. 301 Ei99i 1988 CL29624 04/23/2026 c1 04/23/2026 BK-CIRC